|
|
|
|
| LEADER |
00971nam a2200253 a 4500 |
| 001 |
000444292 |
| 003 |
CZ BrMZK |
| 005 |
19990305143423.0 |
| 007 |
ta |
| 008 |
990305s1984 xr f cze d |
| 040 |
|
|
|a BOA001
|b cze
|
| 080 |
|
|
|a 343.9(063)
|2 MRF
|
| 100 |
1 |
|
|a Nezkusil, Jiří,
|d 1928-2013
|7 jk01090156
|4 aut
|
| 245 |
1 |
0 |
|a Devátý mezinárodní kriminologický kongres v roce 1983 ve Vídni /
|c Jiří Nezkusil, Oldřich Suchý, Helena Válková
|
| 260 |
|
|
|a Praha :
|b Výzkumný ústav kriminologický při Generální prokuratuře ČSSR,
|c 1984
|
| 300 |
|
|
|a 126 s.
|
| 490 |
1 |
|
|a Výzkumný ústav kriminologický ;
|v 1/1985
|
| 500 |
|
|
|a V tir. vroč. 1985
|
| 700 |
1 |
|
|a Válková, Helena,
|d 1951-
|7 jn20000402643
|4 aut
|
| 700 |
1 |
|
|a Suchý, Oldřich
|7 jk01121746
|4 aut
|
| 830 |
|
0 |
|a Výzkumný ústav kriminologický
|
| 910 |
|
|
|a BOA001
|b 2-0909.531
|
| 990 |
|
|
|a BK
|
| 996 |
6 |
|
|b 2619765299
|c 2-0909.531
|l MZK
|r Sklad / do 1 hodiny
|n 6
|w 000444292
|u 000010
|a 1
|e BOA001
|j MZK50
|s P
|